| 000 | 00582nam a2200181 i 4500 | ||
|---|---|---|---|
| 001 | 57361 | ||
| 003 | ES-MaACL | ||
| 005 | 20230906163548.0 | ||
| 007 | t| | ||
| 008 | 031016s1909 fr ||||1| fre d | ||
| 100 | 1 |
_aDmowski, R. _944922 |
|
| 245 | 1 | 3 |
_aLa question polonaire / _cR. Dmowski ; traduction du polonais par V. Garztowtt ; preface de Anatole Leroy-Beaulieu. |
| 260 |
_a[S.l. : _bs.n., _c1909] ( _eTours : _fE. Arrault et Cie) |
||
| 300 |
_a336 p. ; _c18 cm. |
||
| 700 | 1 |
_aGarztowtt, V. _955831 |
|
| 700 | 1 |
_aLeroy-Beaulieu, Anatole. _971809 |
|
| 852 |
_aES-MaACL _jD-2916 |
||
| 999 |
_c57361 _d57361 |
||